| 000 | 00662nam a2200205 a 4500 | ||
|---|---|---|---|
| 001 | BRCA_3884 | ||
| 005 | 20190320204448.0 | ||
| 008 | 271209s1866----nyu#######---#000-0#eng-# | ||
| 041 | _aeng | ||
| 044 | _anyu | ||
| 050 | 4 |
_aF1233.R6 _b.D56 1866 |
|
| 245 | 1 | 0 |
_aDinner to Señor Matias Romero _benvoy Extraordinary and Minister Plenipotentiary from Mexico, on the 29th of March, 1864. |
| 260 |
_aNew York _b[s.n.] _c1866 |
||
| 300 |
_a49 p. _c27 cm. |
||
| 500 | _aC45 | ||
| 600 | 1 | 4 |
_aRomero, Matias _d1836-1898 _910107 |
| 651 | 4 |
_aMéxico _vDiscursos, ensayos, conferencias _xHistoria _yIntervención francesa, 1861-1867 _910108 |
|
| 902 | _aGFM | ||
| 942 |
_2lcc _cB |
||
| 999 |
_c3612 _d3612 |
||